• 首页
  • 本馆介绍
  • 公告通知
  • 最新文献
  • 馆藏检索
  • 电子资源
  • 读者导购
  • 参考咨询
  • 我的图书馆
  • 登录
  • 详细信息显示
  • 放入我的书架
  • 预约/预借图书
  • 作者相关作品
  • 分类相关作品
  • 丛书相关作品
  • 出版社相关作品

书目信息

  • 表格格式
  • 工作单格式
  • 卡片格式
题名:
牛肉产地溯源技术研究
    
 
作者: 郭波莉 , 魏益民 , 潘家荣 著
分册:  
出版信息: 北京   科学出版社  2009
页数: 103页
开本: 24cm
丛书名: 食品质量与安全丛书
单 册:
中图分类: TS251.7
科图分类:
主题词: 牛肉--质量管理--研究--中国 , 牛肉--食品卫生--研究--中国 , 牛肉 , 质量管理 , 食品卫生
电子资源:
ISBN: 978-7-03-022402-6
000 01067oam2 2200325 45
001 1050834125
005 20100420100423.40
010    @a978-7-03-022402-6@dCNY38.00
100    @a20100409d2009 em y0chiy50 ea
101 0  @achi
102    @aCN@b110000
105    @ay z 000yy
106    @ar
200 1  @a牛肉产地溯源技术研究@ANiu Rou Chan Di Su Yuan Ji Shu Yan Jiu@f郭波莉,魏益民,潘家荣著@FGuo Bo Li, Wei Yi Min, Pan Jia Rong Zhu
210    @a北京@c科学出版社@d2009
215    @a103页@d24cm
225 2  @a食品质量与安全丛书
330    @a本书阐述了利用同位素与矿物元素指纹技术对我国四大肉牛产地溯源研究的一些重要的成果。
461  0 @12001 @a食品质量与安全丛书
606 0  @a牛肉@x质量管理@x研究@y中国
606 0  @a牛肉@x食品卫生@x研究@y中国
606 0  @a牛肉
606 0  @a质量管理
606 0  @a食品卫生
690    @aTS251.7@v4
701  0 @a郭波莉@AGuo Bo Li@g(女,@f1971~)@4著
701  0 @a魏益民@AWei Yi Min@f(1957.11~)
701  0 @a潘家荣@APan Jia Rong@4著
801  0 @aCN@bTANGWEI@c20100420
905    @b0590917-21@dTS251.7@e129@f5
    
    牛肉产地溯源技术研究/郭波莉,魏益民,潘家荣著.-北京:科学出版社,2009
    103页;24cm.-(食品质量与安全丛书)
    
    
    ISBN 978-7-03-022402-6:CNY38.00
    本书阐述了利用同位素与矿物元素指纹技术对我国四大肉牛产地溯源研究的一些重要的成果。
●
相关链接 在E读中查询图书 在五车中查询图书 在当当中查询图书 在豆瓣中查询图书


正题名:牛肉产地溯源技术研究     索取号:TS251.7/129         预约/预借

序号 登录号 条形码 馆藏地/架位号 状态 备注
1 0590917   205909178   第二样本阅览室/ [索取号:TS251.7/129] 在馆    
2 0590918   205909187   第三借阅区/ [索取号:TS251.7/129] 在馆    
3 0590919   205909196   密集书库-生命科学系/ [索取号:TS251.7/129] 在馆    
4 0590920   205909203   第三借阅区/ [索取号:TS251.7/129] 在馆    
5 0590921   205909212   第三借阅区/ [索取号:TS251.7/129] 在馆    
唐山师范学院图书馆 欢迎您!
大连网信软件有限公司© 版权所有